1097 1163 1186 1603 1850 1940 1245 1829 1328 1919 1997 1052 1397 1993 1615 1789 1334 1404 1873 1312 1465 1566 1395 1939 1670 1779 1071 1527 1437 1902 1410 1765 1642 1264 1175 1236 1828 1351 1196 1946 1148 1533 1555 1688 1579 1045 1279 1733 1980 1435 1573 1796 1472 1623 1437 1535 1291 1805 1128 1839 1081 1697 1695 1281 1426 1829 1387 1399 1771 1528 1589 1793 1131 1727 1089 1967 1450 1532 1092 1819 1529 1517 1271 1775 1938 1250 1365 1407 1641 1756 1701 1902 1386 1295 1245 1997 1761 1690 1430 BCNSPRNW ULIB Ver.6.0+V

เปลี่ยนเป็นภาษาไทย

Change to English
 แสดงรายละเอียดบรรณานุกรม
  กลับหน้าหลัก

Brief Record : Get Marc (ISO 2709) : E-mail record : QR code < ปิดหน้าต่าง
LEADER : 00000nam 2200000uu 4500
001    13399114067
003     ULIB
008    120214s2544||||th 000 0 tha d
020    ^a9740838693
060 04 ^aWA380^bพ525อ 2544
100 0  ^aพัฒน์ สุจำนงค์
245 10 ^aอนามัยชุมชน =^bCommunity health /^cพัฒน์ สุจำนงค์
246 31 ^aCommunity health
250    ^aพิมพ์ครั้งที่ 5
260    ^aกรุงเทพฯ :^bไทยวัฒนาพานิช,^c2544
300    ^a441 หน้า :^bภาพประกอบ ;^c24 ซม.
650  4 ^aอนามัยชุมชน
650  4 ^aสุขภาพจิต
650  4 ^aปฐมพยาบาล
650  4 ^aสุขาภิบาลอาหาร
650  4 ^aชุมชน
650  4 ^aชุมชนแออัด
945    ^p0^l0^i11925
945    ^p0^l0^i11926
945    ^p0^l0^i11927
945    ^p0^l0^i11929
995    ^aกัณชพร
999 ^a ใช้งานได้ทุกระบบ
รายการนี้ยังไม่มีแท็ก
คุณยังไม่ได้ล็อกอิน คุณสามารถมีกิจกรรมร่วมกับเว็บไซต์ได้ แต่ต้องล็อกอินก่อน ::
  ล็อกอิน

รายการสื่อสารสนเทศ

ลำดับที่ ประเภท เลขเรียก/บาร์โค้ด สถานที่ สถานะ
- ไม่พบข้อมูล -

รายการใกล้เคียง
    หัวเรื่อง [อนามัยชุมชน]
    หัวเรื่อง [สุขภาพจิต]
    หัวเรื่อง [ปฐมพยาบาล]
    หัวเรื่อง [สุขาภิบาลอาหาร]
    หัวเรื่อง [ชุมชน]

BibComment


ยังไม่เคยถูกคอมเมนท์

คอมเมนท์ทรัพยากรรายการนี้
  คอมเมนท์: อนามัยชุมชน Com..


 Copyright 2026. Bcnsprnw @Library